Znalosti 2008, 7. ročník konferencie, Bratislava 13.-15. februára 2008

Enregistré dans:
Détails bibliographiques
Autres auteurs: Snášel, Václav (Éditeur intellectuel)
Format: Livre
Langue:slovaque
tchèque
anglais
Publié: Bratislava : STU v Bratislave FIIT, 2008
Tags: Ajouter un tag
Pas de tags, Soyez le premier à ajouter un tag!

MARC

LEADER 00000nam a22000003a 4500
001 stu158269
005 20150617230010.0
008 080219s2008----xo------------------slo-d
020 |a 978-80-227-2827-0 
040 |a STU  |b slo 
041 0 |a slo  |a cze  |a eng 
044 |a xo 
100 1 |a Snášel, Václav  |4 edt 
242 0 0 |a Ontology representation by relational model and querying  |y eng 
245 1 |a Znalosti 2008, 7. ročník konferencie, Bratislava 13.-15. februára 2008 
260 |a Bratislava :  |b STU v Bratislave FIIT,  |c 2008 
300 |a 424 s 
996 |c I*Z7245  |l I  |s A  |a 24  |w stu158269_0001